تحميل...

Graph Theory: Modeling, applications and algorithms

التفاصيل البيبلوغرافية
المؤلف الرئيسي: Geir Agnarsson
منشور في: Pearson 2008
LEADER 00221 a2200097 4500
020
260 |b Pearson  |c 2008 
942 |c BK  |6 _ 
245 |a Graph Theory: Modeling, applications and algorithms 
100 |a Geir Agnarsson 
999 |c 65069  |d 65069